Statistiken für Berühmte Personen aus Hamburg

Klicken Sie hier um das Quiz zu spielen!

Allgemein

  • Dieses Quiz wurde 120 mal gespielt
    (119 seit der letzten Aktualisierung)
  • Das Durchschnittsergebnis liegt bei 8 aus 20

Antwortstatistiken

Antwort% Korrekt
Angela Merkel
100%
Chris Tall
85%
Karl Lagerfeld
85%
Jürgen Vogel
69%
Helmut Schmidt
67%
Jan Delay
66%
Uwe Seeler
63%
Alexander Zverev
58%
Luisa Neubauer
42%
Jasmin Wagner
41%
Linda Zervakis
36%
Julian Reichelt
31%
Bonez MC
29%
Evelyn Hamann
14%
Hans Albers
14%
Fatih Akin
11%
Johannes Brahms
9%
Ernst Thälmann
5%
Gotthold Ephraim Lessing
3%
Axel Springer
2%

Verteilung der Resultate

Perzentil nach korrekt beantworteten Fragen

Anzahl Personen mit jedem Resultat

Ihre Resultats-Entwicklung

Sie haben dieses Quiz seit der letzten Aktualisierung nicht gespielt